| 000 | 00626nam a2200241 b 4500 | ||
|---|---|---|---|
| 001 | 45380 | ||
| 003 | DO-SdBNP | ||
| 005 | 20160620113851.0 | ||
| 007 | 45380 | ||
| 008 | 971201s1997 sp | ||| ||spa | ||
| 016 | 7 |
_a _2BPMSU |
|
| 017 |
_a _b |
||
| 035 | _a | ||
| 040 |
_aBPMSU _bspa _cBPMSU _e |
||
| 080 | 0 | _a | |
| 100 | 1 |
_aIbarrola, Agustín _d1930- |
|
| 245 | 1 | 3 |
_aEl bosque de los tótems / _h _cIbarrola |
| 260 |
_a[Madrid] : _bRENFE, _c1997 |
||
| 300 |
_a[79] p. _bil. _c30 cm |
||
| 600 | 1 | 7 |
_aIbarrola, Agustín _d1930- _vExposiciones _2 |
| 942 |
_2ddc _cBK |
||
| 956 |
_a VMATEO _b10 _c20160620 _dBPMSU _f0069 |
||
| 999 |
_c10443 _d10443 |
||